Resultados de Matemáticas: tercer estudio internacional de matemáticas y ciencias, TIMSS
Saved in:
| Main Authors: | , |
|---|---|
| Format: | Book |
| Language: | Spanish |
| Published: |
Madrid
Ministerio de Educación y Cultura
1997
|
| Subjects: | |
| Tags: |
Add Tag
No Tags, Be the first to tag this record!
|
MARC
| LEADER | 00000nam a2200000 a 4500 | ||
|---|---|---|---|
| 001 | UCL1963 | ||
| 003 | CL-VaPUC | ||
| 008 | 030926e19970000SP |||||||||||||||||spa|d | ||
| 082 | 0 | 4 | |a 371.27 |b LOP |2 21 |
| 100 | |a López Varona, José Antonio |e autor |9 478977 | ||
| 700 | 0 | |a Moreno Martínez, María Luisa |e author |9 478978 | |
| 245 | 1 | 0 | |a Resultados de Matemáticas: tercer estudio internacional de matemáticas y ciencias, TIMSS |
| 300 | |a 45 p | ||
| 942 | |c BK | ||
| 945 | |d 20030926 00:00:00 |a cmena | ||
| 260 | |a Madrid |b Ministerio de Educación y Cultura |c 1997 | ||
| 650 | 0 | |a Evaluación de la educación |9 237505 | |
| 650 | 0 | |a Rendimiento escolar |9 330254 | |
| 650 | 0 | |a Educación básica |9 224933 | |
| 650 | 0 | |a Matemáticas |x Enseñanza |9 875527 | |
| 583 | |a last modification |c 20030926 00:00:00 |k Rodrigo Vera | ||
| 999 | |c 305394 |d 305392 | ||
| 952 | |0 0 |1 0 |4 0 |6 371_270000000000000_LOP_1997 |7 0 |8 A |9 369244 |a BIBEDU |b BIBEDU |d 2019-11-21 |i 3942163 |o 371.27 LOP 1997 |p 3942163 |r 2019-11-21 |w 2019-11-21 |y BK |k EPE | ||